El hilo rojo / (Registro nro. 3033)
[ vista simple ]
| 000 -LEADER | |
|---|---|
| fixed length control field | 01594nam a2200205 a 4500 |
| 008 - CAMPO DE CONTROL (LIBRO) | |
| fixed length control field | 161215e2016 ag |||g |||| 001 j spa d |
| 020 ## - INTERNATIONAL STANDARD BOOK NUMBER | |
| ISBN | 9789500755245 |
| 041 ## - CODIGO DE IDIOMA | |
| Código de idioma del texto/pista de sonido o título separado | spa |
| 092 ## - SIGNATURA TOPOGRAFICA DEWEY LOCAL | |
| número de clasificación | 808 |
| libristica | 32 |
| sección | HAL |
| 100 1# - ENTRADA PRINCIPAL--NOMBRE PERSONAL | |
| Nombre personal | Halvorsen, Erika |
| 9 (RLIN) | 4087 |
| 245 3# - TITULO PROPIAMENTE DICHO | |
| Título | El hilo rojo / |
| Mención de responsabilidad y remanente de la transcripción de la portada | Erika Halvorsen |
| 250 ## - MENCION DE EDICION | |
| Mención de edición | 3a ed. |
| 260 ## - PIE DE IMPRENTA | |
| Lugar de publicación, distribución, etc | Buenos Aires: |
| Nombre de la editorial, distribuidor, etc | Sudamericana; |
| Fecha de publicación | 2016. |
| 300 ## - DESCRIPCION FISICA | |
| Extension | 192 p. |
| Otros detalles físicos | 23x16 cm. |
| 500 ## - NOTA GENERAL | |
| Nota general | Halvorsen, E. (2016). El hilo rojo. (3a ed.). Buenos Aires : Sudamericana. |
| 505 ## - NOTA DE CONTENIDO | |
| Nota de contenido formateada | Cuenta una leyenda china que un hilo rojo invisible conecta a aquellos que están destinados a encontrarse, sin importar el tiempo, el lugar o las circunstancias. El hilo se puede estirar o contraer, pero nunca romper. Antón y Abril parecen estar ligados por ese destino infalible. Luego de conocerse en un avión quedan flechados instantáneamente. Pero el azar hace que se separen y no vuelvan a cruzarse hasta varios años después. Ahora ambos han formado sus familias y están felizmente casados. Sin embargo el deseo los vuelve a atrapar en sus redes para que vivan otro encuentro inolvidable, poniendo en crisis sus valores y creencias. El hilo rojo, novela que inspiró la película, es una relato erótico y romántico sobre dos personas que se debaten entre la pasión y el amor, la aventura y la rutina, la llama de lo prohibido y el calor del hogar. Erika Halvorsen ha escrito una historia que deja sin aliento, donde las fantasías más osadas se hacen realidad. |
| 590 ## - NOTAS LOCALES (RLIN) | |
| Nota local | Proyecto 4to libro. Donación Constanzo Juan Carlos |
| 655 ## - MATERIA - GENERO/FORMA | |
| Género/Forma | Literatura |
| -- | 2917 |
| 942 ## - ADDED ENTRY ELEMENTS (KOHA) | |
| Source of classification or shelving scheme | Dewey Decimal Classification |
| Item type | LITERATURA |
| Estado de retiro | Existencia | Fuente de clasificación | Estado general | No para prestamo | Ubicación permanente | ubicación actual | Sala de ubicación | Fecha de adquisición | Fuente de adquisición | Total Checkouts | Número de clasificación | Código de barras | Date last seen | Date last borrowed | Número de ejemplar | Price effective from | Koha tipo de elemento (item) | Public note |
|---|---|---|---|---|---|---|---|---|---|---|---|---|---|---|---|---|---|---|
| Dewey Decimal Classification | Biblioteca Medicina | Biblioteca Medicina | Circulación | 09/09/2019 | Donación Constanzo, Juan Carlos. Sept. 2019 | 1 | 808 32 HAL | 4566 | 12/03/2020 | 19/12/2019 | Ej.1 | 09/09/2019 | LITERATURA | Proyecto 4to libro Donación Constanzo, Juan Carlos. Sept. 2019 |